Statistiques concernant Bundesliga - le quiz

Cliquez ici pour prendre le quiz!

Statistiques générales

  • Ce quiz a été pris 268 fois
    (60 depuis la dernière actualisation)
  • Le résultat moyen est 16 sur 20

Statistiques - réponses

QuestionRéponse% Correct
Combien d’équipes composent la Bundesliga ?18
100%
Combien d’étoiles a ce club sur son maillot ?2
100%
Quel entreprise a créé et possède le club de Leverkusen ?Bayer
98%
Quelle est l’équipe la plus titrée de l’histoire du championnat ?Bayern Munich
98%
Dans quel club les plus fervents fans se retrouvent dans le mur jaune ?Borussia Dortmund
96%
Quelle star sénégalaise a rejoint le club lors de l’été 2022 ?Sadio Mané
96%
Quelle équipe remporte le championnat 2023/24 suite à une magnifique saison ?Bayer Leverkusen
94%
Dans quel stade évolue le Bayern Münich ?Allianz Arena
90%
Qui est d’ailleurs actuellement (2023-2024) coach de Leverkusen ?Xabi Alonso
90%
Quel compétition européenne a remporté l’Eintracht Francfort en 2021-2022 ?Ligue Europa
88%
Qui est le meilleur buteur de l’histoire du championnat ?Gerd Müller (365)
85%
Quel club en D2 cette saison (2023-2024) a déjà remporté la Ligue des Champions ?Hambourg SV
85%
Dans quelle région se trouve le Bayern Münich ?Bavière
83%
Quel grand joueur allemand, unique buteur lors de la finale de Coupe du Monde 2014, joue actuellement à Francfort ?Mario Götze
83%
Quel club impressionne cette saison en Bundesliga (2023-24) notamment avec les nombreux buts de Serhou Guirassy ?VFB Stuttgart
79%
Quel joueur est le transfert le plus cher (dans le sens des arrivées) de Bundesliga ?Harry Kane
69%
Comment se nomme le club de situant dans la ville de Gelsenkirchen ?FC Schalke 04
60%
Hormis l’Union Berlin, quel est le seul club aujourd’hui en Bundesliga se situant en ex-Allemagne de l’est ?RB Leipzig
50%
Quel club joue au Europa-Park-Stadion, nom venant du célèbre parc d’attractions ?SC Freiburg
50%
Quel joueur est le transfert le plus cher (dans le sens des départs) de Bundesliga ?Ousmane Dembélé
35%

Distribution des résultats

Percentile par nombre de réponses

% des personnes avec chaque résultat

Votre développement - résultats

Vous n’avez pas pris ce quiz depuis la dernière actualisation